<?xml version="1.0" encoding="UTF-8"?><?xml-stylesheet type="text/xsl" href="static/style.xsl"?><OAI-PMH xmlns="http://www.openarchives.org/OAI/2.0/" xmlns:xsi="http://www.w3.org/2001/XMLSchema-instance" xsi:schemaLocation="http://www.openarchives.org/OAI/2.0/ http://www.openarchives.org/OAI/2.0/OAI-PMH.xsd"><responseDate>2026-06-01T01:56:53Z</responseDate><request verb="GetRecord" identifier="oai:riuma.uma.es:10630/3277" metadataPrefix="marc">https://riuma.uma.es/rest/oai/request</request><GetRecord><record><header><identifier>oai:riuma.uma.es:10630/3277</identifier><datestamp>2026-02-03T12:50:06Z</datestamp><setSpec>com_10630_27</setSpec><setSpec>com_10630_3139</setSpec><setSpec>com_10630_10</setSpec><setSpec>col_10630_577</setSpec></header><metadata><record xmlns="http://www.loc.gov/MARC21/slim" xmlns:dcterms="http://purl.org/dc/terms/" xmlns:doc="http://www.lyncode.com/xoai" xmlns:xsi="http://www.w3.org/2001/XMLSchema-instance" xsi:schemaLocation="http://www.loc.gov/MARC21/slim http://www.loc.gov/standards/marcxml/schema/MARC21slim.xsd">
   <leader>00925njm 22002777a 4500</leader>
   <datafield ind2=" " ind1=" " tag="042">
      <subfield code="a">dc</subfield>
   </datafield>
   <datafield ind2=" " ind1=" " tag="720">
      <subfield code="a">Devesa Alcaraz, Juan Antonio</subfield>
      <subfield code="e">author</subfield>
   </datafield>
   <datafield ind2=" " ind1=" " tag="720">
      <subfield code="a">Ortega  Olivencia, Ana</subfield>
      <subfield code="e">author</subfield>
   </datafield>
   <datafield ind2=" " ind1=" " tag="260">
      <subfield code="c">2004</subfield>
   </datafield>
   <datafield ind2=" " ind1=" " tag="520">
      <subfield code="a">Sobre el tratamiento de Galium L. (Rubiaceae) en Flora Iberica. El estudio taxonómico del género Galium para Flora Iberica ha revelado la existencia en el territorio de 51 especies y 14 subespecies. Éstas han sido agrupadas en 10 secciones, previamente descritas, reconociéndose para algunas de ellas nuevas series: Galium sect. Galium ser. Trichogaliopsis (Lange) Ortega-Olivencia &amp; Devesa, Galium sect. Galium ser. Andalusiana Ortega-Olivencia &amp; Devesa, Galium sect. Platygalium ser. Platygalium (DC.) Ortega-Olivencia &amp; Devesa, Galium sect. Platygalium ser. Ephedrogalium Ortega-Olivencia &amp; Devesa y Galium sect. Leiogalium ser. Pulchra Ortega-Olivencia &amp; Devesa. La serie Ephedrogalium comprende sólo G. ephedroides Willk., taxón para el de se ha estudiado la anatomía foliar, al objeto de evidenciar el número de nervios que poseen sus hojas -tres- y que justifica su inclusión en la sección. Para Galium idubedae (Pau ex Debeaux) Pau ex Ehrend. (Galium sect. Leptogalium Lange) se describe una nueva variedad: Galium idubedae var. humile C. Vicioso ex Ortega-Olivencia &amp; Devesa.</subfield>
   </datafield>
   <datafield ind1="8" ind2=" " tag="024">
      <subfield code="a">Acta Botánica Malacitana, Nº 29&#xd;
, 2004, Págs. 241&#xd;
-254</subfield>
   </datafield>
   <datafield ind1="8" ind2=" " tag="024">
      <subfield code="a">02109506</subfield>
   </datafield>
   <datafield ind1="8" ind2=" " tag="024">
      <subfield code="a">http://hdl.handle.net/10630/3277</subfield>
   </datafield>
   <datafield ind2="0" ind1="0" tag="245">
      <subfield code="a">Sobre el tratamiento de Galium L. (Rubiaceae) en Flora Iberica.</subfield>
   </datafield>
</record>
</metadata></record></GetRecord></OAI-PMH>